Statistics for Biggest Sized Countries in Size Order

Click here to take the quiz!

General Stats

  • This quiz has been taken 156 times
  • The average score is 14 of 20

Answer Stats

rankcountry% Correct
1Russia
100%
2Canada
99%
3China
99%
4United States
99%
5Brazil
97%
6Australia
90%
7India
87%
8Argentina
82%
9Kazakhstan
78%
10Algeria
70%
13Mexico
67%
11Democratic Republic
of the Congo
61%
12Saudi Arabia
59%
14Indonesia
55%
18Mongolia
53%
17Iran
50%
16Libya
44%
15Sudan
44%
20Chad
40%
19Peru
39%

Score Distribution

Percentile by Number Answered

Percent of People with Each Score

Your Score History

You have not taken this quiz